000 00383nam a2200157Ia 4500
008 151213s9999 xx 000 0 und d
100 _aFrank Kermode
245 _aThe Living Milton
_cFrank Kermode
250 _a1st
260 _aLondon
_bRoutledge and Kegan Paul
_c1960
300 _a4517 p.
650 _aCritics
650 _aEnglish
700 _aFrank Kermode
999 _c2892
_d2892